000 00920cam a2200229Ia 4500
020 _a0072982861 (alk. paper)
020 _a9780072982862 (alk. paper)
020 _a9780073221540
020 _a0073221546
040 _cEDK
082 _a808 MCG 2006 A092 Or.
245 0 0 _aMotives for writing /
250 _a5th ed
260 _aBoston, MA :
_bMcGraw-Hill,
_c2006
300 _axxvi, 710 p. :
_bill. ;
_c23 cm
520 _aFrom the Publisher: This collection of primarily contemporary readings is organized around the various rhetorical purposes that motivate writers. Including detailed guides to writing motives such as Analyzing Texts, Analyzing Images, and Writing Arguments, this text provides a rhetorically grounded approach to academic writing and research
650 0 _aCollege readers
650 0 _aReport writing
650 0 _aEnglish language
700 1 _aMiller, Robert Keith,
942 _cEK
999 _c12609
_d12609